| 000 | 00742nam a2200217Ia 4500 | ||
|---|---|---|---|
| 003 | GCL | ||
| 005 | 20240530103855.0 | ||
| 008 | 140319s9999 xx 000 0 ara d | ||
| 040 |
_aGCL / _cGCL |
||
| 082 | 0 | 4 |
_a953.09 _bم م |
| 100 | 1 | _aمحمد حرب | |
| 245 | 1 | 2 |
_aالمسلمون فى اسيا الوسطى والبلقان / _cتاليف محمد حرب |
| 260 |
_a[S.N] : _bالمركز المصرى للدراسات العثمانية ، _c1993 |
||
| 300 |
_a399 ص. ؛ _c24 سم. |
||
| 490 | 0 |
_aسلسلة بحوث العالم التركى ؛ _v1 |
|
| 650 | 0 | 4 | _aالمسلمون فى اسيا |
| 650 | 0 | 4 | _aالمسلمون |
| 650 | 0 | 4 | _aالمسلمون فى البلقان |
| 651 | 0 | 7 | _aالبلقان |
| 942 |
_2ddc _cBK |
||
| 999 |
_c43142 _d43142 |
||